000 00701nam a22001937a 4500
005 2010091300060.0
020 _a9788178804996
_c800.00
037 _bPansy Books
082 _a796.028
100 _aJohn, Samuel
_919633
245 _aSports equipments /
_cby Samuel John
260 _aNew Delhi
_bRajat Publications
_c2010
270 _a4675/21, Ansari Road, Daryaganj
_bNew Delhi
_e110002
300 _a272p.
_c24cm(Hb)
500 _aIncludes bibligraphical references and index
942 _2ddc
_cEN
_h796.028
_mJOH
999 _c45279
_d45279